00505 2200193 4500001002100000005001500021035002000036245003400056100001400090250000600104300003300110260004000143082001400183084002000197020002200217008004100239650002000280990001100300INLIS00000000000100520240827021559 a0010-01210000101 aSunset dan Rosie /cTere Liye0 aTere Liye a1 aiv+426 hlm :bIlust ;c20 cm aJakarta :bMAHAKA PUBLISHING,c2017 a899.221'3 a899.221'3 TER s a978-602-9474-08-4240827 0  4aFiksi Indonesia a001679